| 000 | 00510nam a2200169 i 4500 | ||
|---|---|---|---|
| 001 | 95679 | ||
| 003 | ES-MaACL | ||
| 005 | 20230906181743.0 | ||
| 007 | t| | ||
| 008 | 050602s1959 pr ||||1| spa d | ||
| 100 | 1 |
_aLloréns, Washington. _972885 |
|
| 245 | 1 | 0 |
_aCatorce pecados de humor y una vida descabellada / _cWashington Llorens. |
| 250 | _a[1ª ed.]. | ||
| 260 |
_aSan Juan Bautista de Puerto Rico : _bClub de la Prensa, _c1959. |
||
| 300 |
_a167 p. ; _c23 cm. |
||
| 852 |
_aES-MaACL _jC-27796 _bR.57177 |
||
| 999 |
_c95679 _d95679 |
||